[Event "Sampa Chess Open 2024"]
[Site "Sao Paulo"]
[Date "2024.02.03"]
[Round "7.34"]
[White "Da Cunha, Gabriela Goes"]
[Black "Resende, Ana Gabriela Lobato"]
[Result "1-0"]
[WhiteElo "1837"]
[BlackElo "1800"]
[PlyCount "119"]
[EventDate "2024.01.29"]
[EventRounds "9"]
[EventCountry "BRA"]

1. d4 d5 2. c4 e6 3. cxd5 exd5 4. Nc3 Nf6 5. Bg5 Be7 6. Bxf6 Bxf6 7. e3 O-O 8.
Nf3 Be6 $146 ({RR} 8... c5 9. Be2 Bg4 {1/2-1/2 (9) Koltanowski,G-Laing,R
Edinburgh 1937}) ({RR} 8... c6 9. Qc2 Bg4 10. Be2 Re8 11. O-O Nd7 12. h3 Bh5
13. Rfe1 Bg6 14. Bd3 Nf8 15. Ne2 Bxd3 16. Qxd3 Ng6 17. Rac1 Qb6 18. Rc2 Qa5 19.
Qb3 Nh4 20. Rec1 Nxf3+ 21. gxf3 Rab8 22. a3 Qd8 23. Ng3 {Kotzian,E-Harrold,B
Oban 1995 0-1 (43)}) ({RR} 8... Bg4 9. h3 Bxf3 10. Qxf3 c6 11. Bd3 Re8 12. O-O
g6 13. Rfe1 Bg7 14. a4 Nd7 15. a5 Nf6 16. a6 b6 17. Rec1 c5 18. dxc5 bxc5 19.
Bb5 Re6 20. Rd1 Rd6 21. b3 d4 22. exd4 cxd4 23. Ne2 {Stykov,V-Malkov,G (1590)
Kimry 2012 0-1 (86)}) 9. Bd3 g6 10. O-O Nd7 11. Rc1 c6 12. b4 Rc8 13. Be2 Re8
14. h3 Bg7 15. b5 Rb8 16. bxc6 bxc6 17. Na4 Rc8 18. Ba6 Rc7 19. Qd2 Nb6 20. Nc5
Qe7 21. Qa5 Bc8 22. Bd3 Qd6 23. Rc2 Nd7 24. Rfc1 Nxc5 25. Rxc5 Bd7 26. Rxd5
Qxd5 27. Qxd5 cxd5 28. Rxc7 Be6 29. Rxa7 Rc8 30. a4 Bf8 31. Ng5 Rc1+ 32. Kh2
Rd1 33. Nxe6 fxe6 34. Bb5 g5 35. a5 Rd2 36. Kg1 Rd1+ 37. Bf1 h5 38. g3 h4 39.
gxh4 gxh4 40. a6 Bd6 41. Rd7 Bf8 42. a7 Ra1 43. Kg2 Ra2 44. Bb5 Bd6 45. Rd8+
Kf7 46. a8=Q Rxa8 47. Rxa8 Kf6 48. Kf3 e5 49. dxe5+ Kxe5 50. Rh8 Be7 51. Re8
Kf6 52. Rxe7 Kxe7 53. Bc6 Kd6 54. Bxd5 Kxd5 55. Kg4 Ke4 56. Kxh4 Kf5 57. Kg3
Kg5 58. h4+ Kf5 59. Kf3 Ke5 60. Kg4 1-0

[Event "Sampa Chess Open 2024"]
[Site "Sao Paulo"]
[Date "2024.02.03"]
[Round "7.35"]
[White "Usui, Gabriella Yumi"]
[Black "Hirota Da Silva, Nilton"]
[Result "1/2-1/2"]
[WhiteElo "1448"]
[BlackElo "1827"]
[PlyCount "145"]
[EventDate "2024.01.29"]
[EventRounds "9"]
[EventCountry "BRA"]

1. d4 c6 2. c4 d6 3. Nf3 Bg4 4. e3 ({RR} 4. e4 Nd7 5. Nc3 g6 6. Be3 e5 7. d5
Ngf6 8. h3 Bxf3 9. Qxf3 cxd5 10. cxd5 a6 11. g3 h5 12. h4 Ng4 13. Bg5 Be7 14.
Bxe7 Kxe7 15. Bh3 Qb6 16. O-O Rac8 17. Qe2 Rcg8 18. Kg2 g5 {Krasenkow,M (2676)
-Schebler,G (2496) Germany 2005 1-0 (39)}) ({RR} 4. g3 Bxf3 5. exf3 d5 6. Nc3
e6 7. Bf4 dxc4 8. Bxc4 Nf6 9. Qb3 b5 10. Be2 Nd5 11. Bd2 Nd7 12. a4 a6 13. Nxd5
exd5 14. Qe3+ Be7 15. Bb4 Nb6 16. b3 bxa4 17. bxa4 a5 18. Bc5 Nc8 {Schulz,D 
(2130)-Schulze,T (2266) Verden an der Aller GER 2020 0-1 (35)}) 4... Nf6 5.
Nbd2 $146 ({RR} 5. Be2 e6 6. O-O Nbd7 7. b3 d5 8. Re1 Bb4 9. Nfd2 Bxe2 10. Rxe2
O-O 11. Bb2 Nh5 12. e4 f5 13. cxd5 exd5 14. e5 Qa5 15. Re3 Nf4 16. a3 Be7 17.
b4 Qd8 18. e6 Nb6 19. g3 Nh3+ {Griasev,D-Hubert,R (2350) Germany 1998 1-0 (59)}
) ({RR} 5. Be2 e6 6. Qb3 Qc7 7. Nc3 Nbd7 8. h3 Bxf3 9. Bxf3 Be7 10. Bd2 O-O 11.
O-O Rfe8 12. g3 Bf8 13. Bg2 e5 14. d5 Nc5 15. Qc2 e4 16. b4 Ncd7 17. Rac1 cxd5
18. cxd5 Rac8 19. Qb1 Qc4 {Watson,A-Betaneli,A USA 1992 1-0 (50)}) ({RR} 5. Be2
e6 6. Nc3 Be7 7. O-O O-O 8. Nd2 Bxe2 9. Nxe2 d5 10. b3 Qc7 11. Bb2 Nbd7 12. Rc1
Qd8 13. Nf3 Ne4 14. Qd3 Ng5 15. Nxg5 Bxg5 16. f4 Bf6 17. Rf3 dxc4 18. bxc4 g6
19. Ba3 Be7 {Brodowski,D (1584)-Ihlenfeldt,G (1663) Itzehoe 2007 1/2-1/2 (34)})
5... e5 6. dxe5 Bxf3 7. Nxf3 Ng8 8. exd6 Bxd6 9. Be2 Nf6 10. O-O O-O 11. b3 Qe7
12. Bb2 Nbd7 13. Qc2 Rfe8 14. Rad1 Rad8 15. h3 Ne4 16. Bd3 Ndc5 17. Bxe4 Nxe4
18. Rd4 c5 19. Rd3 f5 20. Rfd1 h6 21. Rd5 g6 22. Qd3 Bc7 23. Rd7 Rxd7 24. Qxd7
Rd8 25. Ne5 Rxd7 26. Rxd7 Qh4 27. g3 Nxg3 28. Nxg6 Ne2+ 29. Kf1 Qxh3+ 30. Kxe2
Qg4+ 31. Kf1 Qxg6 32. Rxc7 Qa6 33. Be5 Qxa2 34. Rxb7 a5 35. Rb5 Qb1+ 36. Ke2
Qc2+ 37. Ke1 a4 38. bxa4 Qc1+ 39. Ke2 Qxc4+ 40. Kd2 Qxa4 41. Rxc5 Qb4+ 42. Rc3
h5 43. Bf4 h4 44. Kd3 Qe4+ 45. Ke2 h3 46. Rc1 Qg2 47. Rc5 Qg4+ 48. Kd2 Kf7 49.
Bg3 Qb4+ 50. Rc3 Kg6 51. Kd3 Qe4+ 52. Ke2 Qg2 53. Rc4 h2 54. Bxh2 Qxh2 55. Rf4
Kg5 56. Kf3 Qg1 57. Ke2 Qg2 58. Rd4 Qc6 59. Kd2 Qa6 60. Rf4 Qf1 61. Kc3 Qd1 62.
Kc4 Qd6 63. Rd4 Qa6+ 64. Kc3 Qe2 65. Rf4 Qd1 66. Kc4 Qd2 67. Kb3 Qd6 68. Rd4
Qh2 69. Rf4 Qxf4 70. exf4+ Kxf4 71. Kc3 Kf3 72. Kd4 f4 73. Ke5 1/2-1/2

[Event "Sampa Chess Open 2024"]
[Site "Sao Paulo"]
[Date "2024.02.03"]
[Round "7.39"]
[White "Goncalves, Ricardo Henrique Si"]
[Black "Fernandez Barrero, Javier"]
[Result "0-1"]
[WhiteElo "1800"]
[BlackElo "1743"]
[PlyCount "138"]
[EventDate "2024.01.29"]
[EventRounds "9"]
[EventCountry "BRA"]

1. e4 e5 2. Nf3 Nc6 3. Bb5 a6 4. Bxc6 dxc6 5. O-O Bd6 6. d4 Bg4 7. dxe5 Bxf3 8.
Qxf3 Bxe5 9. Rd1 Qf6 10. Qxf6 Bxf6 ({RR} 10... Nxf6 11. Kf1 Bd6 12. e5 Bxe5 13.
Re1 O-O-O 14. Rxe5 Ng4 15. Re1 Rhe8 16. Rxe8 Rxe8 17. f3 {1-0 (17) Saidov,B 
(2345)-Nazarov,E (2156) Tashkent 2009}) 11. c3 ({RR} 11. Nc3 Bxc3 12. bxc3 Rd8
13. Bf4 Nf6 14. Bxc7 Rxd1+ 15. Rxd1 O-O 16. f3 h6 17. Kf2 Re8 18. Rd8 Rxd8 19.
Bxd8 Kf8 20. Ke3 Ke8 21. Bxf6 gxf6 22. Kf4 Kf8 23. Kf5 Ke7 24. g3 b5 25. a3 c5
{Moeller,J (1693)-Hildebrandt,T Berlin GER 2019 1-0}) 11... Ne7 12. Bf4 Rd8
$146 ({RR} 12... Rc8 13. Na3 Ng6 14. Bg3 Be5 15. Bxe5 Nxe5 16. f4 Ng6 17. g3
O-O 18. Kf2 Rcd8 19. Ke2 f6 20. Rxd8 Rxd8 21. Rd1 Rxd1 22. Kxd1 Kf8 23. Nc4 b6
24. Ke2 Nh8 25. Kf3 Nf7 26. h4 Nd6 27. Ne3 {Kirby,P (2047)-Kim,Y Turin 2006
1-0 (46)}) ({RR} 12... Ng6 13. Bxc7 Rc8 14. Bg3 O-O 15. Nd2 Rfd8 16. Nf3 Rxd1+
17. Rxd1 Rd8 18. Rxd8+ Bxd8 {1/2-1/2 (18) Martinez Otzeta,J (2255)-Navarrete
Delgado,S Navarra 1997}) 13. Na3 Rd7 14. Nc4 Ng6 15. Bg3 Kd8 16. f4 Re8 17.
Rxd7+ Kxd7 18. Re1 Bh4 19. Bxh4 Nxh4 20. Kf2 Ng6 21. g3 f6 22. Kf3 Nh8 23. a4
Nf7 24. Na5 Nd6 25. Nb3 b6 26. Re2 c5 27. Nd2 b5 28. axb5 axb5 29. e5 fxe5 30.
fxe5 Nf7 31. Kf4 Ke6 32. Nf3 Rd8 33. h4 h6 34. g4 Nh8 35. Ke4 Ng6 36. h5 Ne7
37. b4 Nd5 38. Rc2 Rf8 39. Rf2 Rf4+ 40. Kd3 c4+ 41. Kd2 Rxg4 42. Nd4+ Kxe5 43.
Rh2 Nxc3 44. Kxc3 Rg3+ 45. Nf3+ Rxf3+ 46. Kc2 Rb3 47. Rg2 Kf6 48. Rg6+ Kf7 49.
Rc6 Rxb4 50. Rxc7+ Kf6 51. Rc5 g5 52. Rc6+ Kg7 53. Rc7+ Kf6 54. Rc6+ Kf5 55.
Rxh6 Rb3 56. Rb6 Kg4 57. h6 Rh3 58. Rxb5 Rxh6 59. Rc5 Rf6 60. Rxc4+ Rf4 61. Rc3
Rf3 62. Rc4+ Kg3 63. Kd2 g4 64. Rc8 Kf2 65. Re8 g3 66. Re2+ Kg1 67. Re1+ Kh2
68. Re5 g2 69. Rh5+ Rh3 0-1

[Event "Sampa Chess Open 2024"]
[Site "Sao Paulo"]
[Date "2024.02.03"]
[Round "7.41"]
[White "Martins De Aguiar, Marina"]
[Black "Leal, Alexandre Garcia"]
[Result "1-0"]
[WhiteElo "1862"]
[BlackElo "1899"]
[PlyCount "77"]
[EventDate "2024.01.29"]
[EventRounds "9"]
[EventCountry "BRA"]

1. e4 c5 2. Nf3 Nc6 3. d4 cxd4 4. Nxd4 e6 5. Nc3 Qc7 6. Nxc6 bxc6 7. Bd3 Bb4 ({
RR} 7... Nf6 8. f4 d5 9. e5 Nd7 10. O-O Nc5 11. Be2 a5 12. Kh1 Be7 13. Qe1 O-O
14. Be3 a4 15. b4 Nd7 16. a3 Ba6 17. Bxa6 Rxa6 18. Qe2 Raa8 19. Na2 c5 20. c4
d4 21. Bd2 Rad8 22. Rac1 {Stanojoski,Z (2492)-Gordon,S (2535) Novi Sad 2009
0-1 (48)}) 8. Qg4 $146 ({RR} 8. O-O Bxc3 9. bxc3 Ne7 10. Ba3 c5 11. c4 O-O 12.
f4 Bb7 13. f5 Qe5 14. Rb1 Bc6 15. Bb2 Qd6 16. f6 Ng6 17. fxg7 Rfb8 18. Qf3 f5
19. g4 Rxb2 20. Rxb2 Qd4+ 21. Kh1 Qxb2 22. gxf5 Ne5 {Babic,M (1767)-Lee,M 
(1646) Melbourne 2002 0-1}) ({RR} 8. O-O Ne7 9. f4 Bb7 10. Be3 Ba5 11. Kh1 Bb6
12. Bd2 O-O-O 13. Qe2 f5 14. e5 g5 15. Na4 gxf4 16. Nxb6+ axb6 17. Bxf4 h6 18.
a4 Ng6 19. a5 bxa5 20. Qd2 c5 21. Rxa5 Rdg8 22. Ba6 Nh4 {Yaaqoub,R (2141)
-Schaefer,M (1781) Lueneburg GER 2019 1-0}) ({RR} 8. O-O Ne7 9. Ne2 d5 10. a3
Bd6 11. f4 Bc5+ 12. Kh1 O-O 13. b4 Bb6 14. c4 dxc4 15. Bxc4 a5 16. Bb2 Ba6 17.
Bxa6 Rxa6 18. Qd3 Qc8 19. f5 exf5 20. exf5 f6 21. Ng3 axb4 22. Nh5 Nd5 {
Stremavicius,P (2079)-Pluta,P (1846) Vilnius LTU 2019 1/2-1/2}) 8... Bxc3+ 9.
bxc3 Qe5 10. Bd2 Nf6 11. Qxg7 Rg8 12. Qh6 Rxg2 13. Qf4 d6 14. Qxe5 dxe5 15. Kf1
Rg6 16. Rb1 Nd7 17. Be3 Kd8 18. h4 Kc7 19. h5 Rg8 20. Ke2 Nb6 21. f4 exf4 22.
Bxf4+ Kd7 23. Rhg1 Bb7 24. e5 c5 25. Bxh7 Rh8 26. Rg7 Raf8 27. h6 Bc6 28. Rd1+
Ke8 29. Bg5 Bb5+ 30. Kf2 Nd5 31. Bf6 a6 32. a3 c4 33. Rd4 Kd7 34. Ke1 Kc6 35.
Kd2 a5 36. Rh4 Kc5 37. Kc1 Bc6 38. Rh3 Nf4 39. Be7+ 1-0

[Event "Sampa Chess Open 2024"]
[Site "Sao Paulo"]
[Date "2024.02.03"]
[Round "7.42"]
[White "Damasio, Fabio Ferreira"]
[Black "Dos Santos, Felipe Zeuli Biller"]
[Result "0-1"]
[WhiteElo "1296"]
[BlackElo "1538"]
[PlyCount "38"]
[EventDate "2024.01.29"]
[EventRounds "9"]
[EventCountry "BRA"]

1. e4 c5 2. Nc3 g6 3. g3 Bg7 4. Bg2 Nc6 5. f4 e6 6. Nf3 Nge7 7. d3 O-O 8. O-O
d5 9. e5 d4 ({RR} 9... b6 10. g4 f6 11. exf6 Bxf6 12. Bd2 Bd7 13. Qe2 Rc8 14.
Rae1 Nd4 15. Qd1 Nec6 16. Nxd4 Nxd4 17. Nb1 Kh8 18. c3 Nc6 19. Na3 Bg7 20. g5
e5 21. Bxd5 exf4 22. h4 Bh3 23. Bg2 Bxg2 24. Kxg2 {Thorhallsson,T (2434)
-Berkes,F (2522) Reykjavik 2002 0-1}) 10. Ne4 b6 ({RR} 10... Qb6 11. Nd6 Nf5
12. Nxc8 Raxc8 13. g4 Nfe7 14. Ng5 Kh8 15. Qe1 Qd8 16. Qh4 h6 17. Qh3 Kg8 18.
Ne4 Nd5 19. Nd6 Rb8 20. Bxd5 exd5 21. f5 Bxe5 22. Qxh6 Qxd6 23. Bf4 Qf6 24. Rf3
Bxf4 25. Qxf4 {Chistyakova,D (1641)-Dugin,A (1748) Kimry 2013 0-1 (53)}) 11.
Bd2 $146 ({RR} 11. g4 f5 12. exf6 Bxf6 13. Nxf6+ Rxf6 14. Ne5 Bb7 15. Nxc6 Bxc6
16. Be4 Qf8 {1/2-1/2 (16) Lanz Calavia,J-De Vos,R Schilde 1965}) 11... Nd5 12.
Qe2 Bb7 13. c4 dxc3 14. Nxc3 Ndb4 15. Ne1 Nd4 16. Qd1 Bxg2 17. Kxg2 Qd7 18. Ne4
Nf5 19. Bxb4 Ne3+ 0-1

[Event "Sampa Chess Open 2024"]
[Site "Sao Paulo"]
[Date "2024.02.03"]
[Round "7.43"]
[White "Dos Santos, Andre Vicente"]
[Black "Dionisio, Alex Monteiro"]
[Result "0-1"]
[WhiteElo "1800"]
[BlackElo "1514"]
[PlyCount "80"]
[EventDate "2024.01.29"]
[EventRounds "9"]
[EventCountry "BRA"]

1. e4 c5 2. Nf3 d6 3. d4 cxd4 4. Nxd4 Nf6 5. Nc3 a6 6. Be2 e5 7. Nb3 Be7 8. f4
Nbd7 ({RR} 8... b5 9. Bf3 Bb7 10. fxe5 dxe5 11. Qxd8+ Bxd8 12. Nc5 Bc6 13. a4
Ba5 14. Bd2 Nbd7 15. Nxd7 Kxd7 16. O-O-O Ke6 17. Rhe1 h5 18. h4 Rhc8 19. axb5
axb5 20. Nb1 Bxd2+ 21. Rxd2 b4 22. Re3 g6 23. b3 {Polgar,J (2658)-Van Wely,L 
(2646) Wijk aan Zee 2000 1/2-1/2 (42)}) ({RR} 8... b5 9. fxe5 dxe5 10. Qxd8+
Bxd8 11. Be3 Nbd7 12. O-O-O Bb7 13. Bf3 Rc8 14. g4 h6 15. h4 Rxc3 16. bxc3 Bxe4
17. Bxe4 Nxe4 18. Kb2 Ndf6 19. g5 hxg5 20. hxg5 Rxh1 21. Rxh1 Nd5 22. Rh8+ Kd7
23. Rh3 {Arrami,M-Djabri,M (2161) chess.com INT 2021 1-0}) 9. O-O b5 10. fxe5
$146 ({RR} 10. Nd5 Nxd5 11. Qxd5 Qb6+ 12. Kh1 Bb7 13. Qd3 Nf6 14. Bf3 O-O 15.
Be3 Qc7 16. Rac1 Rac8 17. Nd2 Qa5 18. a3 Bc6 19. c3 Qc7 20. Rfd1 Qb7 21. fxe5
dxe5 22. Bg5 Rc7 23. Re1 Ng4 24. Be3 Rd8 {Zawierucha,A (2054)-Sobek,J (2320)
Karvina 2005 0-1 (43)}) 10... Nxe5 11. Be3 O-O 12. Bd4 Bb7 13. Rxf6 Bxf6 14.
Qf1 Nd7 15. Nd5 Bxd5 16. exd5 Bxd4+ 17. Nxd4 Qf6 18. c3 Qxf1+ 19. Rxf1 Ne5 20.
h3 Rac8 21. Nf5 Rc5 22. Ne3 Rcc8 23. Rf4 g6 24. Rd4 Rb8 25. Kf2 a5 26. a3 Rbc8
27. Ke1 Rce8 28. Kd2 Rc8 29. Kc2 Rb8 30. Kd2 a4 31. Kc1 Rfe8 32. Kd2 f5 33. Kc2
Nf3 34. Bxf3 Rxe3 35. Kd2 Re5 36. g3 Kg7 37. h4 h5 38. Kd3 Kf6 39. Kd2 Re7 40.
Kd3 Re1 0-1

[Event "Sampa Chess Open 2024"]
[Site "Sao Paulo"]
[Date "2024.02.03"]
[Round "7.44"]
[White "De Oliveira, Lucas Silva"]
[Black "Brujin, Homero"]
[Result "1-0"]
[WhiteElo "1800"]
[BlackElo "1479"]
[PlyCount "83"]
[EventDate "2024.01.29"]
[EventRounds "9"]
[EventCountry "BRA"]

1. e4 c5 2. Nf3 e6 3. d4 cxd4 4. Nxd4 d6 5. Nc3 Nf6 6. Rg1 a6 7. g4 h6 8. h4
Nbd7 $146 ({RR} 8... Nc6 9. Be2 Qc7 10. g5 hxg5 11. hxg5 Ng8 12. Be3 Bd7 13.
Qd2 O-O-O 14. O-O-O Nxd4 15. Bxd4 Kb8 16. Qe3 Rc8 17. Bb6 Qc6 18. Kb1 Ne7 19.
a4 Ng6 20. Rd2 Re8 21. Nb5 Ka8 22. Nc7+ Kb8 23. Nxe8 {Kurajica,B-Garcia Tore,F
Malaga 1970 1-0}) ({RR} 8... g6 9. g5 hxg5 10. hxg5 Nfd7 11. b3 b5 12. Bb2 b4
13. Na4 Rh4 14. Bd3 Bb7 15. Qe2 Ne5 16. O-O-O Nbd7 17. Kb1 Be7 18. Qe3 Nxd3 19.
cxd3 e5 20. Nf3 Rh3 21. Rh1 Rxh1 22. Rxh1 Bc6 23. d4 {Ivanov,A (2600)
-Hjartarson,J (2585) Bermuda 1997 0-1 (38)}) ({RR} 8... h5 9. gxh5 Rxh5 10. Bg5
Rh7 11. Qd2 b5 12. a3 Nbd7 13. O-O-O Qc7 14. f4 Bb7 15. Bg2 Rc8 16. Rge1 Nb6
17. e5 dxe5 18. fxe5 Nfd7 19. Bxb7 Qxb7 20. Qd3 g6 21. Nxe6 Rxc3 22. bxc3 Bxa3+
23. Kb1 {Yeritsyan,A (2271)-Savchenko,B (2581) Sochi RUS 2019 1-0 (34)}) ({RR} 
8... h5 9. g5 Ng4 10. Be2 g6 11. f3 Ne5 12. Be3 Qc7 13. Qd2 b5 14. a3 Bd7 15.
Rf1 Nc4 16. Bxc4 bxc4 17. f4 Be7 18. f5 Nc6 19. Nxc6 Qxc6 20. Qd4 O-O 21. f6
Bd8 22. O-O-O Ba5 23. Ne2 {Autowicz,B-Erenska Barlo,H (2220) Gdynia 1982 1/2-1/
2 (31)}) ({RR} 8... g6 9. g5 hxg5 10. hxg5 Nfd7 11. Be3 b5 12. f4 b4 13. Nce2
Bb7 14. f5 Nc5 15. fxe6 fxe6 16. Nf4 Bxe4 17. Ndxe6 Nxe6 18. Nxe6 Qe7 19. Qd4
Qxe6 20. Qxh8 Bxc2 21. Kd2 Nd7 22. Bh3 Bf5 23. Bxf5 {Ruchieva,N (2170)-Epstein,
E (2140) Kiev (Ukraine) 1984 1-0}) 9. g5 hxg5 10. hxg5 Nh5 11. g6 fxg6 12. Nxe6
Qb6 13. Nd5 Qa7 14. Ndc7+ Ke7 15. Nxa8 Qxa8 16. Rxg6 Ne5 17. Nxf8 Nf6 18. Bg5
Bg4 19. Rxg7+ Ke8 20. Qxd6 Nf3+ 21. Ke2 Nxg5+ 22. Ke3 Qd8 23. Qxd8+ Kxd8 24.
Rxg5 Rxf8 25. f3 Be6 26. Rd1+ Kc8 27. f4 Bd7 28. Be2 Rh8 29. Rdg1 Bc6 30. Bd3
Re8 31. Re5 Rh8 32. Rg3 Rh4 33. Reg5 Kb8 34. Rg6 Nd7 35. e5 Nb6 36. c4 Ka7 37.
e6 Nc8 38. f5 b5 39. c5 Bd5 40. Rg7+ Kb8 41. e7 Rh8 42. f6 1-0

[Event "Sampa Chess Open 2024"]
[Site "Sao Paulo"]
[Date "2024.02.03"]
[Round "7.46"]
[White "Simao, Davi Ribeiro"]
[Black "Desideri, Enzo Piuchi"]
[Result "1-0"]
[WhiteElo "1320"]
[BlackElo "1730"]
[PlyCount "141"]
[EventDate "2024.01.29"]
[EventRounds "9"]
[EventCountry "BRA"]

1. e4 c5 2. Nc3 Nc6 3. f4 g6 4. Nf3 Bg7 5. Bc4 e6 6. d3 Nge7 7. O-O O-O 8. Qe1
d5 9. Bb3 Nd4 10. Kh1 Nec6 ({RR} 10... Nxb3 11. axb3 b6 12. Qg3 Bb7 13. Bd2 a6
14. Rae1 b5 15. Bc1 Rc8 16. Ne5 f6 17. Ng4 f5 18. exf5 exf5 19. Ne5 d4 20. Ne2
Nd5 21. Ng1 Qd6 22. Re2 Rce8 23. Rfe1 Re7 24. Bd2 Rfe8 25. c3 {Bezold,M (2490)
-Kveinys,A (2535) Augsburg 1994 0-1 (48)}) ({RR} 10... Nxb3 11. axb3 d4 12. Ne2
b6 13. Qg3 Bb7 14. Qh3 Bc8 15. g4 f5 16. Rg1 Qe8 17. Ng3 Qd8 18. Bd2 Qe8 19.
Rg2 Qd8 20. Rag1 Qe8 21. Nh4 Rf7 22. Nf3 Rf8 23. Be1 a5 24. Ne2 a4 25. bxa4 {
Cano Sevila,I (1904)-Tortosa Moros,J (1672) Barcelona 2017 1-0 (46)}) 11. exd5
$146 ({RR} 11. Ne2 Nxb3 12. axb3 dxe4 13. dxe4 Nb4 14. Qf2 Nxc2 15. Rb1 b6 16.
Nc3 Nb4 17. Rd1 Qe7 18. e5 Ba6 19. Ng5 Bd3 20. Ra1 Bc2 21. Rd6 Bxb3 22. Ra3 Bd5
23. Nxd5 Nxd5 24. Rh3 h6 25. Ne4 f5 {Husson,C (2051)-Monroy,C (2227) Bescanon
1999 0-1 (57)}) ({RR} 11. Bd2 c4 12. dxc4 dxc4 13. Ba4 Nxf3 14. gxf3 Bd7 15.
Rd1 Qe7 16. Be3 Rfd8 17. a3 Be8 18. Rxd8 Qxd8 19. Qf2 a6 20. Rd1 Qf6 21. Bxc6
Bxc6 22. Rd4 e5 23. fxe5 Qxe5 24. Rxc4 Rd8 25. Kg2 h5 {Lyell,M (2287)-Wells,P 
(2513) Queenstown 2009 1/2-1/2 (42)}) ({RR} 11. Ne2 Nxe2 12. Qxe2 b5 13. c3 Bb7
14. e5 c4 15. Bc2 a6 {1/2-1/2 (15) Helebrand,F (1841)-Portych,V (1891) Vsetin
2015}) 11... exd5 12. Qd1 b5 13. Bxd5 b4 14. Bxc6 Nxc6 15. Ne4 Qe7 16. Rb1 Bb7
17. Be3 Nd4 18. Bxd4 cxd4 19. Re1 Qc7 20. Qd2 Rab8 21. Re2 Rfe8 22. Rbe1 Bc6
23. Neg5 h6 24. Rxe8+ Bxe8 25. Ne4 a5 26. Ng3 Bc6 27. Ne5 Bxe5 28. Rxe5 f6 29.
Re6 Kf7 30. Re2 f5 31. Kg1 Bd5 32. b3 h5 33. Re5 Bc6 34. Rc5 h4 35. Ne2 Rb5 36.
Rc4 Qb6 37. Qe1 Rd5 38. Qxh4 Bb5 39. Rc7+ Rd7 40. Rxd7+ Bxd7 41. Qh8 Ke7 42.
Qxd4 Qxd4+ 43. Nxd4 a4 44. Kf2 Kd6 45. Ke3 Kd5 46. Nf3 a3 47. Ne5 Be8 48. g3
Kc5 49. h4 Kd5 50. g4 Ke6 51. gxf5+ Kxf5 52. d4 Ke6 53. Ke4 Kd6 54. Nd3 Bc6+
55. Ke3 Bd7 56. Nxb4 Bf5 57. c4 Ke6 58. c5 Kd7 59. d5 Kc7 60. Kd4 Kd7 61. Ke5
Ke7 62. c6 Kd8 63. d6 Kc8 64. Kf6 Kd8 65. h5 Bc8 66. hxg6 Bd7 67. c7+ Ke8 68.
g7 Be6 69. f5 Bxf5 70. g8=Q+ Kd7 71. Qd8# 1-0

[Event "Sampa Chess Open 2024"]
[Site "Sao Paulo"]
[Date "2024.02.03"]
[Round "7.47"]
[White "Navarro, Gustavo Kazuo Yura"]
[Black "Sulz, Isaque Sathler"]
[Result "0-1"]
[WhiteElo "1800"]
[BlackElo "1516"]
[PlyCount "46"]
[EventDate "2024.01.29"]
[EventRounds "9"]
[EventCountry "BRA"]

1. e4 c5 2. Nf3 g6 3. d4 cxd4 4. Qxd4 Nf6 5. Nc3 Nc6 6. Qa4 d6 7. e5 dxe5 8.
Nxe5 Bd7 9. Nxd7 Qxd7 10. Bb5 ({RR} 10. Be3 Bg7 11. Rd1 Qg4 12. Rd4 Qf5 13. Bd3
Qe5 14. Rb4 Qc7 15. Bb5 O-O 16. Rc4 Rfc8 17. O-O e6 18. Bf4 Qb6 19. Be3 Qc7 20.
Rd1 Nd7 21. Bf4 e5 22. Be3 Nb6 23. Bxb6 axb6 24. Qb3 Rd8) 10... Bg7 ({RR} 10...
Qe6+ 11. Ne2 ({RR} 11. Be3 Bh6 12. O-O Bxe3 13. Rae1 Bxf2+ 14. Kxf2 Qd6 15. Kg1
O-O 16. Bxc6 bxc6 17. Rf3 Qc5+ 18. Kh1 Rab8 19. Qh4 Rb4 20. Qg3 Rd4 21. h3 Rfd8
22. b3 Nh5 23. Qf2 f5 24. Qe3 R8d7 25. Qe6+ Kg7) ({RR} 11. Kf1 Bg7 12. Bf4 O-O
13. Re1 Qf5 14. Bd3 Qh5 15. h3 Rad8 16. g4 Nxg4 17. Be4 Nge5 18. Ne2 Nf3 19.
Ng3 Qh4 20. Bxf3 Rd4 21. Qa3 Rxf4 22. Bxc6 Bxb2 23. Qxb2 Qxg3 24. c3 bxc6 25.
Rxe7 Rd8) ({RR} 11. Be2 Bg7 12. O-O O-O 13. Bf3 Rfd8 14. Be3 Rd7 15. Rad1 Ne5
16. Be2 a6 17. Rxd7 Qxd7 18. Qb4 b5 19. Rd1 Qe6 20. a4 Nc6 21. Qf4 b4 22. Bc4
g5 23. Qf3 Qxc4 24. Nd5 Re8 25. b3 Qxc2) 11... Bg7 12. O-O O-O 13. Bxc6 bxc6
14. Nf4 Qd6 15. Be3 Ng4 16. Rad1 Qc7 17. Bc1 g5 18. h3 Nxf2 19. Rxf2 gxf4 20.
Qxf4 Qb6 21. c3 Kh8 22. Be3 Qa6 23. Bd4 f6 24. Bc5 Rae8 25. Rd7 {Machado,A 
(1627)-Telichevesky,L Criciuma-SC 2023 1-0 (35)}) 11. Bxc6 ({RR} 11. O-O O-O
12. Bxc6 Qxc6 13. Qxc6 bxc6 14. Re1 e6 15. Na4 Nd5 16. Be3 Nxe3 17. Rxe3 Rfd8
18. Kf1 Rd4 19. Ra3 Rc4 20. c3 Bf8 21. b4 Rd8 22. Nb2 Re4 23. Rxa7 Rd2 24. Nd1
Ree2 25. a4) 11... bxc6 12. O-O O-O 13. Bg5 $146 ({RR} 13. Rd1 Qb7 14. Qa3 Nd5
15. Na4 Rfd8 16. Bg5 h6 17. Bh4 g5 18. Bg3 Qa6 19. Rd3 Nb6 20. Rxd8+ Rxd8 21.
Qxe7 Rf8 22. Nxb6 axb6 23. Qb4 {1/2-1/2 (23) Van Riesen,K (2071)-Hawranke,D 
(2130) Hamburg 2011}) ({RR} 13. Rd1 Qb7 14. Rb1 Rfd8 15. Rxd8+ Rxd8 16. Be3 Rd7
17. Qb3 Nd5 18. Nxd5 cxd5 19. Kf1 a6 20. Bc5 e6 21. Qxb7 Rxb7 22. b4 Bf8 23.
Bxf8 Kxf8 {1/2-1/2 (23) Schnaitmann,H (2009)-Stoeckmann,H (2127) Bad Neuenahr
2014}) 13... Qf5 14. Be3 Nd5 15. Nxd5 cxd5 16. c3 e6 17. Rfd1 Rab8 18. Rab1
Bxc3 19. Bd4 Bxd4 20. Qxd4 Rfc8 21. Rdc1 Qg5 22. Rc3 h5 23. Rbc1 Qxc1+ 0-1

[Event "Sampa Chess Open 2024"]
[Site "Sao Paulo"]
[Date "2024.02.03"]
[Round "7.48"]
[White "Deus Filho, Joaquim De"]
[Black "Haraguchi, Melissa Mayumi Alve"]
[Result "1-0"]
[WhiteElo "1848"]
[BlackElo "1751"]
[PlyCount "63"]
[EventDate "2024.01.29"]
[EventRounds "9"]
[EventCountry "BRA"]

1. e4 e5 2. d4 exd4 3. c3 dxc3 4. Nxc3 Bc5 5. Bc4 Nc6 6. Bxf7+ Kxf7 7. Qd5+ ({
RR} 7. Qh5+ g6 8. Qxc5 b6 9. Qd5+ Kf8 10. Bg5 Nf6 11. Qb3 Bb7 12. Nf3 Kg7 13.
e5 Nxe5 14. Nxe5 Qe7 15. Bxf6+ Qxf6 16. Ng4 Qg5 17. Ne3 Bxg2 18. Rg1 Rhe8 19.
Kd2 d6 20. Rxg2 Qf4 21. Ncd5 Qd4+ {Burdot,L (1214)-Zeng,J (800) Willingen 2016
1-0}) 7... Ke8 8. Qxc5 d6 9. Qh5+ g6 $146 ({RR} 9... Kf8 10. Qd1 Nf6 11. Nf3
Qe7 12. Qe2 Bg4 13. Qd3 Bxf3 14. Qxf3 Nd4 15. Qd3 c5 16. O-O Kf7 17. Re1 Rhe8
18. b3 Nd7 19. Nd5 Qd8 20. Bb2 Nc6 21. Qf3+ Kg8 22. Qg3 Nce5 23. Ne3 Nf6 24.
Nd5 {Willemze,A-Van Run,R Hengelo 1997 1/2-1/2 (51)}) 10. Qd1 Nf6 11. Bg5 Be6
12. Nge2 Qe7 13. Nf4 Qf7 14. Nxe6 Qxe6 15. O-O Nh5 16. Nd5 Kd7 17. Qb3 Rab8 18.
f3 Nd8 19. Qa4+ c6 20. Qxa7 Nf7 21. Nb6+ Kc7 22. Nd5+ Kd7 23. Nb6+ Kc7 24. Qa5
Nxg5 25. Nd5+ Kd7 26. Qc7+ Ke8 27. Qxb8+ Kf7 28. Qxh8 cxd5 29. Rac1 Nf6 30.
Rc7+ Nd7 31. Qd8 Kg7 32. Qxg5 1-0